Historieta chilena : una lenta resurrección /

¿Seremos capaces de profesionalizar el trabajo y crear obras que interesen a los editores y sobre todo, capaces de sintonizar con un público cada vez mayor de lectores que hace muchos años no reconoce una viñeta como parte importante de la producción cultural de su propio país?

Bibliographic Details
Main Author: Reyes G., Carlos
Format: Analitica de revista
Language:Spanish
Published: Santiago, Chile La Dirección 2009
Subjects:

MARC

LEADER 00000cab a2200000 a 4500
001 035918
003 UAHC_CL
005 20170803123931.0
008 091110s2009 cl j 000 1 spa
040 |a UAHC_CL  |c UAHC_CL  |d UAHC_CL 
100 1 |a Reyes G., Carlos 
245 1 0 |a Historieta chilena :  |b una lenta resurrección /  |c Carlos Reyes G. 
260 |b La Dirección  |a Santiago, Chile  |c 2009 
300 |a p. 20-21 
500 |a En: Patrimonio Cultural, nû50 (2009). p. 20-21. ISSN 07171501. 
500 |a En: Patrimonio Cultural, n°50 (2009). p. 20-21. ISSN 07171501. 
500 |a En: Patrimonio Cultural, nç50 (2009). p. 20-21. ISSN 07171501. 
520 |a ¿Seremos capaces de profesionalizar el trabajo y crear obras que interesen a los editores y sobre todo, capaces de sintonizar con un público cada vez mayor de lectores que hace muchos años no reconoce una viñeta como parte importante de la producción cultural de su propio país? 
520 |a ¿Seremos capaces de profesionalizar el trabajo y crear obras que interesen a los editores y sobre todo, capaces de sintonizar con un público cada vez mayor de lectores que hace muchos años no reconoce una viñeta como parte importante de la producción cultural de su propio país? 
520 |a øSeremos capaces de profesionalizar el trabajo y crear obras que interesen a los editores y sobre todo, capaces de sintonizar con un público cada vez mayor de lectores que hace muchos aÒos no reconoce una viÒeta como parte importante de la producciÛn cultural de su propio paÌs? 
650 4 |a HISTORIETAS, TIRAS CîMICAS, ETC  |z CHILE  |x HISTORIA Y CRITICA 
650 4 |a HISTORIETAS, TIRAS CÓMICAS, ETC  |z CHILE  |x HISTORIA Y CRITICA 
759 |a PP098 
773 0 |t Patrimonio cultural  |g Invierno 2008, p. 12-13 
773 0 |t Patrimonio cultural : revista de la dirección de bibliotecas, archivos y museos.  |w 035858 
900 |a PATRIMONIO CULT.-50/09 
942 |c REVA 
952 |0 0  |1 0  |4 0  |6 PATRIMONIO_CULT_50_09_000000000000000  |7 0  |8 General  |9 68441  |a BC  |b BC  |c General  |d 2017-08-03  |l 0  |o PATRIMONIO CULT.-50/09  |p FICTICIO4547  |r 2019-01-08 00:00:00  |t 1  |w 2017-08-03  |y REVA 
999 |c 35918  |d 35918